Vista normal
Vista MARC
Entrada Personal Name
Número de registros utilizados en: 2
001 - CONTROL NUMBER
- control field: 43210
003 - CONTROL NUMBER IDENTIFIER
- control field: OSt
005 - DATE AND TIME OF LATEST TRANSACTION
- control field: 20241018083412.0
008 - FIXED-LENGTH DATA ELEMENTS
- fixed length control field: 241018|| aca||aabn | a|a d
040 ## - CATALOGING SOURCE
- Original cataloging agency: OSt
- Transcribing agency: OSt
100 ## - HEADING--PERSONAL NAME
- Personal name: Castillo Mier, Ariel
670 ## - SOURCE DATA FOUND
- Source citation: Work cat.: (OSt)38478: Robinson Abrahams, Hazel Marie, 1935- 43208, No give up maan! =